| 000 | 00416cam a2200181ua 4500 | ||
|---|---|---|---|
| 020 | _c15.75 | ||
| 041 |
_aeng _h |
||
| 082 |
_a823.308 _bNAB/PN |
||
| 100 | _aNabokov, Vladimir . | ||
| 245 |
_aPnin / _cVladimir Nabokov. _hTextual Documents |
||
| 250 |
_a1 / _b. |
||
| 260 |
_aLondon : _bHeinemann , _c1960. |
||
| 300 | _a191 ; . | ||
| 365 | _a15.75 | ||
| 504 | _a | ||
| 942 | _cBK | ||
| 999 |
_c8722 _d8722 |
||